[Event "Quebec op U1200"]
[Site "Montreal"]
[Date "2016.07.26"]
[Round "5.8"]
[White "Boudreau, Leo"]
[Black "Piche, Eric"]
[Result "0-1"]
[WhiteElo "874"]
[BlackElo "1179"]
[PlyCount "90"]
[EventDate "2016.07.23"]
[EventType "swiss"]
[EventRounds "8"]
[EventCountry "CAN"]
[SourceTitle "EXT 2022"]
[Source "ChessBase"]
[SourceDate "2021.10.06"]
[SourceVersion "1"]
[SourceVersionDate "2021.10.06"]
[SourceQuality "1"]

1. e4 e5 2. Nf3 Nc6 3. g3 Bc5 4. Bg2 Nf6 5. Nc3 d6 6. h3 0-0 7. d3 Nd4 8. Bg5 h6 9. Bh4 Nxf3+ 10. Qxf3 g5 11. Rg1 gxh4 12. gxh4 Kh8 13. Bh1 Rg8 14. Rf1 Bd7 15. 0-0-0 Rg7 16. Rg1 b5 17. Rxg7 Kxg7 18. Rg1+ Kf8 19. Nd5 Nxd5 20. exd5 Qxh4 21. Qg2 Ke7 22. Rf1 Bxh3 23. Qh2 Qf4+ 24. Qxf4 exf4 25. Re1+ Kf8 26. Re4 Re8 27. Rxe8+ Kxe8 28. f3 Ke7 29. c3 Kf6 30. d4 Bb6 31. b4 Kg5 32. Kb2 Kh4 33. Kb3 Kg3 34. a4 bxa4+ 35. Kxa4 a6 36. c4 Bxd4 37. b5 axb5+ 38. cxb5 Kh2 39. Ka5 Kxh1 40. Ka6 Bb6 41. Kb7 Kg2 42. Kb8 Kxf3 43. Kb7 Ke4 44. Kb8 f3 45. Kb7 f2 0-1